| 000 | 00363 a2200157 4500 | ||
|---|---|---|---|
| 001 | 49412 | ||
| 020 | _a8598553115 | ||
| 040 | _cAnchieta - Bela Vista | ||
| 100 | _aCedraz, Antônio Luiz Ramos | ||
| 240 | 1 | 0 |
_aA caixa de pai Dorá _lpor |
| 245 | 1 | 0 | _aA caixa de pai Dorá |
| 300 | _a27 | ||
| 362 | 0 | _a2006 | |
| 650 | 4 | _aLiteratura infanto-juvenil | |
| 942 | _cBK | ||
| 999 |
_c49412 _d49412 |
||